Giuseppe Verdi

Uloženo v:
Podrobná bibliografie
Hlavní autor: Malraye, Jean (autor)
Médium: Kniha
Jazyk:francouzština
Vydáno: París Seghers 1965
Edice:Musiciens de Tous les Temps
Témata:
Tagy: Přidat tag
Žádné tagy, Buďte první, kdo vytvoří štítek k tomuto záznamu!

MARC

LEADER 00000nam a2200000 a 4500
001 UCN2258
003 CL-VaPUC
008 010511e19650000FR |||||||||||||||||fre|d
082 0 4 |a 780.92  |b MAL  |2 21 
100 |a Malraye, Jean  |e autor  |9 458052 
245 1 0 |a Giuseppe Verdi 
300 |a 187 p 
942 |c BK 
945 |d 20010511 00:00:00  |a crobeson 
260 |a París  |b Seghers  |c 1965 
600 0 7 |a VERDI, GIUSEPPE  |2 CL-VaPUC  |9 306334 
650 0 |a Compositores italianos  |9 329309 
650 7 |a OPERA ITALIANA  |2 CL-VaPUC  |9 458053 
650 7 |a MUSICA SIGLO 19  |2 CL-VaPUC  |9 458054 
583 |a last modification  |c 20010511 00:00:00  |k Rodrigo Vera 
490 0 |a Musiciens de Tous les Temps 
999 |c 295416  |d 295414 
952 |0 0  |1 0  |4 0  |6 780_920000000000000_MAL_1965  |7 0  |8 A  |9 348422  |a BIBEDU  |b BIBEDU  |d 2019-11-20  |i 1182862  |o 780.92 MAL 1965  |p 1182862  |r 2023-01-12  |w 2019-11-20  |y BK  |k MUS